Nitra mapa mesta /
Uložené v:
| Korporatívny autor: | |
|---|---|
| Médium: | Mapa |
| Jazyk: | Slovak German English Hungarian |
| Vydané: |
Bratislava :
MAPA Slovakia Plus,
2004
|
| Vydanie: | [1. vyd.] |
| Témy: | |
| ISBN: |
8096888935 (brož.) |
| Fyzický popis: |
1 mapa : fareb. ; 96x66 cm |
| Tagy: |
Pridať tag
Žiadne tagy, Buďte prvý kto otaguje tento záznam!
|
Titul je dostupný aj v ... 

MARC
| LEADER | 00000nem a2200000 a 4500 | ||
|---|---|---|---|
| 001 | 000003821 | ||
| 003 | SVKK | ||
| 005 | 20041108143225.0 | ||
| 008 | 040826s2004 xo 1 sloo | ||
| 020 | |a 8096888935 (brož.) | ||
| 034 | 1 | |a a | |
| 040 | |a SVKKK |b slo |c SVKKK |e AACR2 | ||
| 041 | 0 | |a slo |a ger |a eng |a hun | |
| 043 | |a e-xo--- | ||
| 044 | |a xo |c SK | ||
| 072 | 7 | |a 912 |x Mapy. Atlasy |2 konspekt | |
| 080 | |a 912.43 |2 1997 | ||
| 080 | |a (437.622) |2 1997 | ||
| 080 | |a (084.3) |2 1997 | ||
| 110 | 2 | |a MAPA Slovakia (Bratislava, Slovensko) |4 aut | |
| 245 | 1 | 0 | |a Nitra |h [kartografický dokument] : |b mapa mesta / |c MAPA Slovakia Plus |
| 250 | |a [1. vyd.] | ||
| 255 | |a Mierka 1:12 500 | ||
| 260 | |a Bratislava : |b MAPA Slovakia Plus, |c 2004 | ||
| 300 | |a 1 mapa : |b fareb. ; |c 96x66 cm | ||
| 500 | |a Súbež. text nem., angl. , maď. | ||
| 500 | |a Mapa obojstr., obsahuje inform. , rekl., obr., reg. ulíc, 2 dopl. mp. | ||
| 651 | 7 | |a Nitra (Slovensko) |2 SVKKKPH | |
| 655 | 7 | |a orientačné mapy |2 SVKKKPH | |
| 655 | 7 | |a mapy |2 SVKKKPH | |
| 919 | |a 80-968889-3-5 | ||
| 998 | |a KD | ||
| 090 | |g SCKHL |k Sklad Pribinova prízemie |a IV.191228 |j 962928 |i 2720026844 |s Absenčne | ||